000 00392nam a2200157Ia 4500
999 _c30920
_d30920
003 OSt
005 20250703114859.0
008 250310s9999||||xx |||||||||||||| ||und||
040 _c.
082 _a778.37
_bS7615
100 _96086
_aSpitzing, Gunter
245 0 _aThe photoguide to flash /
_cGunter Spitzing
260 _aLondon :
_bFocal press,
_c1974.
300 _a202 p.
942 _cBK
_2ddc